<?xml version="1.0" encoding="UTF-8"?><?xml-stylesheet type="text/xsl" href="static/style.xsl"?><OAI-PMH xmlns="http://www.openarchives.org/OAI/2.0/" xmlns:xsi="http://www.w3.org/2001/XMLSchema-instance" xsi:schemaLocation="http://www.openarchives.org/OAI/2.0/ http://www.openarchives.org/OAI/2.0/OAI-PMH.xsd"><responseDate>2026-06-06T19:09:09Z</responseDate><request verb="GetRecord" identifier="oai:riuma.uma.es:10630/24683" metadataPrefix="marc">https://riuma.uma.es/rest/oai/request</request><GetRecord><record><header><identifier>oai:riuma.uma.es:10630/24683</identifier><datestamp>2026-02-03T11:49:51Z</datestamp><setSpec>com_10630_2254</setSpec><setSpec>col_10630_37959</setSpec></header><metadata><record xmlns="http://www.loc.gov/MARC21/slim" xmlns:dcterms="http://purl.org/dc/terms/" xmlns:doc="http://www.lyncode.com/xoai" xmlns:xsi="http://www.w3.org/2001/XMLSchema-instance" xsi:schemaLocation="http://www.loc.gov/MARC21/slim http://www.loc.gov/standards/marcxml/schema/MARC21slim.xsd">
   <leader>00925njm 22002777a 4500</leader>
   <datafield ind2=" " ind1=" " tag="042">
      <subfield code="a">dc</subfield>
   </datafield>
   <datafield ind2=" " ind1=" " tag="720">
      <subfield code="a">Mancera-Miranda, Laura</subfield>
      <subfield code="e">author</subfield>
   </datafield>
   <datafield ind2=" " ind1=" " tag="720">
      <subfield code="a">López-Pagán, Nieves</subfield>
      <subfield code="e">author</subfield>
   </datafield>
   <datafield ind2=" " ind1=" " tag="720">
      <subfield code="a">Ruiz-Albert, Francisco Javier</subfield>
      <subfield code="e">author</subfield>
   </datafield>
   <datafield ind2=" " ind1=" " tag="720">
      <subfield code="a">Beuzón-López, Carmen del Rosario</subfield>
      <subfield code="e">author</subfield>
   </datafield>
   <datafield ind2=" " ind1=" " tag="260">
      <subfield code="c">2022-07-03</subfield>
   </datafield>
   <datafield ind2=" " ind1=" " tag="520">
      <subfield code="a">DNA methylation carried out by methyltransferases not associated with restriction enzymes, known as orphan methyltransferases, is an epigenetic mechanism widely spread in bacteria and archea. These orphan methylases show motif specificities and methylation patterns that support their function in gene regulation and DNA replication [1]. In E. coli and Salmonella, this mechanism has been related to the regulation of the initiation of replication, DNA mismatch repair and transcription. DNA methylation is also involved in generating phenotypic heterogeneity within clonal populations in these species, with strong implications for virulence [2]. However, little is known about the role of methylation in Pseudomonas syringae. P. syringae is a relevant phytopathogenic bacteria, responsible for a great variety of plant diseases and with a huge impact in crop production worlwide. This bacteria is also used as a model for the study of plant-pathogen interactions [3]. In order to unveil the importance of methylation in P. syringae, we decided to address the characterization of this epigenetic process in this pathogenic bacteria. For that, we have studied the methylases identified in P. syringae, and established its methylome. Regarding the methylome, we have identified several methylation motifs.</subfield>
   </datafield>
   <datafield ind1="8" ind2=" " tag="024">
      <subfield code="a">https://hdl.handle.net/10630/24683</subfield>
   </datafield>
   <datafield tag="653" ind2=" " ind1=" ">
      <subfield code="a">Pseudomonas syringae</subfield>
   </datafield>
   <datafield ind2="0" ind1="0" tag="245">
      <subfield code="a">Methylases and methylation in gene regulation in Pseudomonas syringae</subfield>
   </datafield>
</record>
</metadata></record></GetRecord></OAI-PMH>